Historia universal del arte : vol. 5 /
Guardado en:
| Formato: | Libro |
|---|---|
| Publicado: |
Madrid :
Sarpe,
1982
|
| Materias: | |
| Etiquetas: |
Agregar Etiqueta
Sin Etiquetas, Sea el primero en etiquetar este registro!
|
| LEADER | 00731nam a22002295a 4500 | ||
|---|---|---|---|
| 001 | CEM.cems009471 | ||
| 005 | 20080903124855.0 | ||
| 008 | 130507s1982##################000#0#####d | ||
| 003 | CEMS | ||
| 020 | |a 847291593X | ||
| 082 | 0 | 4 | |a 709 |
| 245 | 0 | 0 | |a Historia universal del arte : |b vol. 5 / |
| 260 | |a Madrid : |b Sarpe, |c 1982 | ||
| 300 | |a 160 p. | ||
| 505 | 0 | |a Arte Otoniano -- Arte Románico -- Arte Gótico -- La supervivencia de la antiguedad -- El estilo del Renacimiento -- El Renacimiento del norte | |
| 653 | |a Arte gótico | ||
| 653 | |a Arte otoniano | ||
| 653 | |a Arte románico | ||
| 653 | |a Historia del arte | ||
| 653 | |a Arte | ||
| 653 | |a Renacimiento | ||
| 859 | |a CEMS |b BIB. CEMS - 11 de abril |h 709 |i Sa74 |p 19118.97 |t Ej.1 |v 5 |3 5 | ||
